Trigonometry : (Record no. 22444)

MARC details
000 -LEADER
fixed length control field 01419cam a22003615i 4500
001 - CONTROL NUMBER
control field 17449748
003 - CONTROL NUMBER IDENTIFIER
control field EG-ScBUE
005 - DATE AND TIME OF LATEST TRANSACTION
control field 20250227095954.0
008 - FIXED-LENGTH DATA ELEMENTS--GENERAL INFORMATION
fixed length control field 120831t2013 nyua f 001 0 eng d
020 ## - INTERNATIONAL STANDARD BOOK NUMBER
International Standard Book Number 9780071795357 (pbk)
020 ## - INTERNATIONAL STANDARD BOOK NUMBER
International Standard Book Number 0071795359 (pbk)
035 ## - SYSTEM CONTROL NUMBER
System control number (OCoLC)ocn821610299
040 ## - CATALOGING SOURCE
Original cataloging agency EG-ScBUE
Language of cataloging eng
Description conventions rda
Transcribing agency EG-ScBUE
Modifying agency EG-ScBUE
082 04 - DEWEY DECIMAL CLASSIFICATION NUMBER
Classification number 516.24076
Item number MOY
Edition number 22
100 1# - MAIN ENTRY--PERSONAL NAME
Personal name Moyer, Robert E.‏,
Relator term author.
9 (RLIN) 41308
245 10 - TITLE STATEMENT
Title Trigonometry :
Remainder of title with calculator-based solutions /
Statement of responsibility, etc Robert E. Moyer, Ph.D., Associate Professor of Mathematics, Southwest Minnesota State University, Frank Ayres, Jr., Ph.D., Former Professor and Head, Department of Mathematics, Dickinson College.
246 33 - VARYING FORM OF TITLE
Title proper/short title Schaum’s outlines of trigonometry
250 ## - EDITION STATEMENT
Edition statement Fifth edition.
264 #1 - PUBLICATION, DISTRIBUTION, ETC. (IMPRINT)
Place of publication, distribution, etc New York :
Name of publisher, distributor, etc McGraw-Hill,
Date of publication, distribution, etc [2013]
264 #4 - PUBLICATION, DISTRIBUTION, ETC. (IMPRINT)
Date of publication, distribution, etc c2013
300 ## - PHYSICAL DESCRIPTION
Extent viii, 201 pages :
Other physical details illustrations ;
Dimensions 28 cm.
336 ## - CONTENT TYPE
Source rdacontent
Content type term text
Content type code txt
337 ## - MEDIA TYPE
Media type term unmediated
Source rdamedia
Media type code n
338 ## - CARRIER TYPE
Carrier type term volume
Carrier type code nc
Source rdacarrier
490 0# - SERIES STATEMENT
Series statement Schaum’s outline series
500 ## - GENERAL NOTE
General note Includes index.<br/>
500 ## - GENERAL NOTE
General note 618 Fully solved problems and 20 problems-solving videos online.
650 #7 - SUBJECT ADDED ENTRY--TOPICAL TERM
Topical term or geographic name as entry element Trigonometry
Form subdivision Problems, exercises, etc.
Source of heading or term BUEsh
9 (RLIN) 41309
653 ## - INDEX TERM--UNCONTROLLED
Resource For college Engineering, Electrical
Arrived date list October2016
655 ## - INDEX TERM--GENRE/FORM
Form subdivision Reading book
9 (RLIN) 34232
700 1# - ADDED ENTRY--PERSONAL NAME
Personal name Ayres, Frank,
Dates associated with a name 1901-1994‏,
Relator term author.
9 (RLIN) 28291
942 ## - ADDED ENTRY ELEMENTS (KOHA)
Source of classification or shelving scheme Dewey Decimal Classification
Koha item type Book - Borrowing
Holdings
Withdrawn status Lost status Source of classification or shelving scheme Damaged status Not for loan Collection code Home library Current library Shelving location Date acquired Source of acquisition Cost, normal purchase price Total Checkouts Full call number Barcode Date last seen Koha item type
    Dewey Decimal Classification     Baccah Central Library Central Library First floor 03/10/2016 Purchase 150.00   516.24076 MOY 000033793 15/07/2025 Book - Borrowing